Statistics for Georgia First Level Subdivisions

Click here to take the quiz!

General Stats

  • This quiz has been taken 31 times
  • The average score is 3 of 12

Answer Stats

Mkhare% Correct
Tbilisi
92%
Abkhazia
83%
Guria
25%
Kakheti
25%
Mtskheta-Mtianeti
25%
Imereti
17%
Kvemo Kartli
17%
Racha-Lechkhumi and Kvemo Svaneti
17%
Shida Kartli
17%
Samegreol-Zemo Svaneti
8%
Samtskhe-Javakheti
8%
Adjara
8%

Score Distribution

Percentile by Number Answered

Percent of People with Each Score

Your Score History

You have not taken this quiz